Loading...
| Philosophy | 0 | 3 | 0 | 0 | 30 | 100 | 119.33 | 0 | 3 |
| Literature - Long Fiction | 1 | 1 | 0 | 0 | 25 | 84 | 112.50 | 1 | 2 |
| Literature - Drama | 0 | 2 | 0 | 1 | 20 | 143 | 154.50 | 1 | 2 |
| Other Academic | 0 | 2 | 0 | 1 | 20 | 109 | 131.00 | 1 | 2 |
| History - World History | 0 | 2 | 0 | 2 | 20 | 137 | 144.00 | 1 | 2 |
| Literature - Short Fiction | 0 | 2 | 0 | 0 | 20 | 91 | 101.50 | 1 | 2 |
| Fine Arts - Other Fine Arts | 0 | 2 | 1 | 0 | 15 | 109 | 114.00 | 2 | 2 |
| Current Events | 0 | 1 | 0 | 1 | 10 | 137 | 137.00 | 1 | 1 |
| Fine Arts - Classical Music | 0 | 1 | 0 | 0 | 10 | 128 | 128.00 | 0 | 1 |
| Fine Arts - Painting and Sculpture | 0 | 1 | 0 | 1 | 10 | 159 | 159.00 | 0 | 1 |
| Geography | 0 | 1 | 0 | 1 | 10 | 126 | 126.00 | 1 | 1 |
| History - European History | 0 | 1 | 0 | 0 | 10 | 96 | 96.00 | 0 | 1 |
| Literature - Misc Literature | 0 | 1 | 0 | 0 | 10 | 82 | 82.00 | 1 | 1 |
| Science - Biology | 0 | 2 | 2 | 1 | 10 | 123 | 130.50 | 1 | 2 |
| Science - Chemistry | 0 | 1 | 0 | 0 | 10 | 112 | 112.00 | 0 | 1 |
| Social Science | 0 | 2 | 3 | 1 | 5 | 74 | 108.00 | 2 | 2 |
| Science - Other Science | 1 | 0 | 2 | 0 | 5 | 51 | 51.00 | 1 | 1 |
| Literature - Poetry | 0 | 1 | 1 | 0 | 5 | 119 | 119.00 | 1 | 1 |
| Mythology | 0 | 0 | 0 | 0 | 0 | 0.00 | 0 | 0 | |
| History - Other History | 0 | 0 | 1 | 0 | -5 | 0.00 | 0 | 0 | |
| History - American History | 0 | 0 | 1 | 0 | -5 | 0.00 | 0 | 0 | |
| Science - Physics | 0 | 0 | 1 | 0 | -5 | 0.00 | 0 | 0 |